Restauración de una fuente de Damián Campeny / Antonio Carner
Publicado:
San Jorge, núm. 76 (4t trimestre 1959), pàg. 60 :
MARC
| LEADER | 00000nam a2200000Ia 4500 | ||
|---|---|---|---|
| 001 | |||
| 008 | 160829s9999 xx 000 0 cat d | ||
| 100 | |a Carner i Borràs, Antoni |9 29403 | ||
| 245 | |a Restauración de una fuente de Damián Campeny / Antonio Carner | ||
| 260 | |a San Jorge, núm. 76 (4t trimestre 1959), pàg. 60 | ||
| 650 | |a Fonts |x Igualada |x Conservació i restauració |9 40163 | ||
| 650 | |a Campeny Estrany, Damià |9 40164 | ||
| 901 | |a Arxiu | ||
| 942 | |n 1 | ||
| 952 | |0 0 |1 0 |4 0 |7 1 |9 49455 |a Arxiu |b Arxiu |d 2016-12-01 |l 0 |r 2016-12-01 00:00:00 |w 2016-12-01 |y ARXIU | ||
| 999 | |c 53297 |d 53297 | ||